| 000 | 00788nab a2200241 4500 | ||
|---|---|---|---|
| 003 | BR-BrBNA | ||
| 005 | 20260225154645.0 | ||
| 008 | 260225b bl.||||| |||| 00| 0 por d | ||
| 040 |
_aBR-BrBNA _bpor |
||
| 072 |
_aF01 ; E16 ; E70 _b0336 |
||
| 100 | _aMoitinho, Fábio | ||
| 245 |
_aProdução em alta, preços em baixa _bAgroeconomia |
||
| 500 | _a2 illus.; 1 graph | ||
| 650 | _aSOJA | ||
| 650 | _aSAFRA | ||
| 650 | _aCOTAÇÃO | ||
| 650 | _aEXCESSO DE OFERTA | ||
| 650 | _aBOLSA DE MERCADORIAS | ||
| 650 | _aPREÇO MÍNIMO | ||
| 773 | 0 |
_01706 _9348141 _dSão Paulo-SP Editora Três Ltda - E-mail: luizfsa@revistadinheiro.com.br 2004 _o2025-0632 _tDinheiro Rural (Brazil) _x1807-3700 _gv. 9(119) p. 24-25; (Oct 2014) _wBR2025005986 |
|
| 942 | _cANA | ||
| 999 |
_c340190 _d340190 |
||